| 000 | 00650nam a22002055i 4500 | ||
|---|---|---|---|
| 001 | 156643 | ||
| 003 | ES-MaACL | ||
| 005 | 20230906210449.0 | ||
| 008 | 040803q18501880sp |||| | spa d | ||
| 040 |
_aCAM _bspa _cCAM |
||
| 100 | 1 |
_aKock, Paul de ( _d1793-1871) _9152765 |
|
| 245 | 1 | 3 |
_aLa jóven del sotabanco / _cpor Paul de Kock. |
| 260 |
_aMadrid : _bMedina y Navarro, editores, _c[s.a.] |
||
| 300 |
_a286 p. ; _c19 cm. |
||
| 490 | 1 | _aBiblioteca festiva | |
| 596 | _aFecha de producción de Medina y Navarro ca. 1850-1880. | ||
| 830 | 0 |
_aBiblioteca festiva _9221699 |
|
| 852 |
_aES-MaACL _jF-9077 _z-- Enc. hol. |
||
| 999 |
_c156643 _d156643 |
||